Financial reporting exposure draft (Record no. 109262)
[ view plain ]
| 000 -LEADER | |
|---|---|
| fixed length control field | 00395cam a22001455a 4500 |
| 001 - CONTROL NUMBER | |
| control field | L146714 |
| 008 - FIXED-LENGTH DATA ELEMENTS--GENERAL INFORMATION | |
| fixed length control field | 090218s xxk f 000 0 eng d |
| 035 ## - SYSTEM CONTROL NUMBER | |
| System control number | (Sirsi) u146714 |
| 041 0# - LANGUAGE CODE | |
| Language code of text/sound track or separate title | eng |
| 110 2# - MAIN ENTRY--CORPORATE NAME | |
| Corporate name or jurisdiction name as entry element | Accounting Standards Board |
| 9 (RLIN) | 3454 |
| 245 00 - TITLE STATEMENT | |
| Title | Financial reporting exposure draft |
| 500 ## - GENERAL NOTE | |
| General note | General record for Feb 09 to Jan 10 subscription |
| 651 #4 - SUBJECT ADDED ENTRY--GEOGRAPHIC NAME | |
| Geographic name | ENGLAND AND WALES |
| 942 ## - ADDED ENTRY ELEMENTS (KOHA) | |
| Suppress in OPAC | 0 |
No items available.